000 00285nam a2200109Ia 4500
999 _c9549
_d9549
020 _a9788177587524
100 _aZimmerer, Scarborough
245 0 _aEssenrtials of Entrepreneurship and Small Business Management
260 _aIndia
_bTata McGraw Hill
_c2003
300 _a530
942 _cBK